Test Yourself Atlas in Ophthalmology (Record no. 9517)
[ view plain ]
| 000 -LEADER | |
|---|---|
| fixed length control field | 00449nam a22001697a 4500 |
| 003 - CONTROL NUMBER IDENTIFIER | |
| control field | OSt |
| 005 - DATE AND TIME OF LATEST TRANSACTION | |
| control field | 20250901112020.0 |
| 008 - FIXED-LENGTH DATA ELEMENTS--GENERAL INFORMATION | |
| fixed length control field | 250901b |||||||| |||| 00| 0 eng d |
| 040 ## - CATALOGING SOURCE | |
| Transcribing agency | DDC |
| 082 ## - DEWEY DECIMAL CLASSIFICATION NUMBER | |
| Classification number | WW 100 K134T 2008 |
| 100 ## - MAIN ENTRY--PERSONAL NAME | |
| Personal name | Kanski Jack J. |
| 9 (RLIN) | 337 |
| 245 ## - TITLE STATEMENT | |
| Title | Test Yourself Atlas in Ophthalmology |
| Statement of responsibility, etc. | Kanski Jack J. |
| 300 ## - PHYSICAL DESCRIPTION | |
| Extent | viii,324p.: |
| Other physical details | col, ill; |
| Dimensions | 18.5cm |
| 504 ## - BIBLIOGRAPHY, ETC. NOTE | |
| Bibliography, etc | includes: index |
| 650 ## - SUBJECT ADDED ENTRY--TOPICAL TERM | |
| Topical term or geographic name as entry element | Medicine |
| 9 (RLIN) | 324 |
| 942 ## - ADDED ENTRY ELEMENTS (KOHA) | |
| Source of classification or shelving scheme | Other/Generic Classification Scheme |
| Koha item type | Open Shelf |
| Withdrawn status | Lost status | Source of classification or shelving scheme | Damaged status | Not for loan | Home library | Current library | Date acquired | Source of acquisition | Inventory number | Total Checkouts | Full call number | Barcode | Date last seen | Date last checked out | Price effective from | Koha item type |
|---|---|---|---|---|---|---|---|---|---|---|---|---|---|---|---|---|
| Other/Generic Classification Scheme | MUST Main Library | MUST Main Library | 01/09/2025 | Donation | 14/37801 | 1 | WW 100 K134T 2008 | 2025-0023 | 12/09/2025 | 01/09/2025 | 01/09/2025 | Open Shelf |
